Normal view
MARC view
- Sing, Tarjit
Entry Personal Name
001 - CONTROL NUMBER
- control field: 42285
003 - CONTROL NUMBER IDENTIFIER
- control field: NUST
005 - DATE AND TIME OF LATEST TRANSACTION
- control field: 20210314132247.0
008 - FIXED-LENGTH DATA ELEMENTS
- fixed length control field: 210314|| aca||aabn | a|a d
040 ## - CATALOGING SOURCE
- Original cataloging agency: NUST
- Transcribing agency: NUST
100 ## - HEADING--PERSONAL NAME
- Personal name: Sing, Tarjit
670 ## - SOURCE DATA FOUND
- Source citation: Work cat.: (NUST): Sing, Tarjit, Practical book on sessional and project examination /, 1705
